Qui suis-je ? Devine le joueur de foot ! #2 - Statistiques

Statistiques générales
  • Ce quiz a été pris 537 fois
  • Le résultat moyen est 5 sur 5
Statistiques - réponses
1er Indice 2ème Indice 3ème Indice 4ème Indice 5ème Indice 6ème Indice 7ème Indice Joueur Mystère % Correct
Ma famille est composée de supporters de Tottenham Hotspur Les Spurs Teddy Sheringham et Jermain Defoe ont été mes idoles Je suis arrivé à Tottenham en 2011 Je me suis fait prêté trois ans d’affilé dans trois clubs différents Je suis considéré comme un sérial buteur J'ai une malédiction pour gagner des trophées Je suis arrivée au Bayern Munich en 2023 Harry Kane
98%
Je suis un international croate J'ai commencé ma carrière au Dinamo Zagreb J'ai participé à 3 Euros et 4 Coupes du Monde Je suis devenu capitaine de ma sélection le 29 Août 2016 J'ai joué à Tottenham pendant 4 ans J'ai joué au côté de Cristiano Ronaldo et Sergio Ramos notamment J'ai gagné un ballon d'or Luka Modric
98%
Je suis surnommé "The Egyption King" J'ai joué dans de nombreux pays tels que la Suisse, l'Angleterre et l'Italie J'ai fait parti des 100 personnes les plus influentes du magazine Time en 2019 J'ai reçu le prix de meilleur joueur africain en 2017 J'ai terminé à la sixième place du Ballon d'or 2018 Je suis connu pour mon trio formé avec Sadio Mané et Romerto Firmino J'ai dépassé les 300 matchs joué avec Liverpool Mohamed Salah
98%
Je suis né un 28 Juin J'ai commencé ma carrière à Genk Je suis internationale belge J'ai joué pour la première avec ma sélection en 2010 Je marque pour la première fois avec la Belgique en 2012 J'ai joué 73 matchs avec le VfL Wolfsburg Je joue à Manchester City depuis 2015 Kevin De Bruyne
97%
Je suis un 2004 Je suis né à Los Palacios y Villanfranca en Espagne J'ai été considéré comme un grand espoir lors de mes passages en moins de 17 ans et en moins de 19 ans à seulement 16 ans J'ai commencé à jouer en professionnel peu avant mes 17 ans Je suis milieu de terrain J'ai remporté le Golden Boy en 2022 Je joue pour le FC Barcelone Gavi
93%
Aucun quiz correspondant
Distribution des résultats
% des personnes avec chaque résultat
Percentile par nombre de réponses
Votre historique - résultats
Vous n’avez pas pris ce quiz